World Cup Hall Of Fame - Statistics

General Stats
  • This quiz has been taken 29 times
  • The average score is 21 of 22
Answer Stats
Year 2nd Place National Team % Correct
1978 Netherlands Argentina
100%
1986 West Germany Argentina
100%
2022 France Argentina
100%
1958 Sweden Brazil
100%
1962 Chile Brazil
100%
1970 Italy Brazil
100%
1994 Italy Brazil
100%
2002 Germany Brazil
100%
2014 Argentina Germany
100%
2010 Netherlands Spain
100%
1998 Brazil France
96%
2018 Croatia France
96%
1934 Czechoslovakia Italy
96%
1938 Hungary Italy
96%
1982 West Germany Italy
96%
2006 France Italy
96%
1930 Argentina Uruguay
96%
1950 Brazil Uruguay
96%
1966 West Germany England
93%
1954 Hungary West Germany
75%
1974 Netherlands West Germany
75%
1990 Argentina West Germany
75%
No matching quizzes found
Score Distribution
Percent of People with Each Score
Percentile by Number Answered
Your Score History
You have not taken this quiz